| 000 | 01173nam2a22002411 4500 | ||
|---|---|---|---|
| 001 | rc\606104 | ||
| 005 | 20250621231405.0 | ||
| 035 | _a(NLR Aleph) 005971291 | ||
| 090 |
_a6938065 _c6938065 |
||
| 100 | _a20031121d1986 |||y0rusy50 ca | ||
| 101 | 0 | _arus | |
| 102 | _aRU | ||
| 105 | _aa ||||||||| | ||
| 200 | 1 | _aРасчет шахтных вентиляционных струй | |
| 210 |
_d1986 _aБ. м. |
||
| 215 |
_a167 с. _cил. |
||
| 320 | _aБиблиогр.: с. 156-167 | ||
| 461 | 0 |
_1001rc\606103 _12001#$aЭлементы аэрогазодинамики шахт$fК.Ю. Лайгна, Э.А. Поттер, О.А. Суллакатко$gЭст. респ. правл. науч.-техн. горн. о-ва, Эст. НИИ НТИ и техн.-экон. исслед.$vЧ. 1 _1700#1$aЛайгна$bК.Ю.$gКустав Юоханнесович _96938062 _aЛайгна, К.Ю. _cТаллин _d1986 _fК.Ю. Лайгна, Э.А. Поттер, О.А. Суллакатко _nВалгус _tЭлементы аэрогазодинамики шахт _vЧ. 1 |
|
| 801 | 0 |
_aRU _bNLR _gpsbo |
|
| 801 | 1 |
_aRU _bELAR _2rusmarc |
|
| 852 |
_aNLR _j86-3/123 |
||
| 942 | _cBOOK | ||
| 980 | _aNB | ||